000 00724nam a2200289Ia 4500
005 20260324143745.0
008 008 260324s9999 xx 000 0 eng d
020 _a9780429312502
037 _aEBOOK
040 _aCRL
040 _beng
040 _cCRL
041 _2eng
041 _aeng
084 _qCRL
100 _aPaul Wheatley; Kernial Singh Sandhu; Kernial Singh Sandhu (A)
_91216808
245 4 _aThe Management Of Success
245 4 _bThe Moulding Of Modern Singapore
260 _bTaylor and Francis
260 _c1990
365 _a
365 _b220
856 _uhttp://www.taylorfrancis.com/books/9780429312502
942 _cEBOOK
999 _c1822597
_d1822597